Metastatics and macroeconomics. (Record no. 542271)

000 -LEADER
fixed length control field 00477cam a22001451 4500
082 ## - DEWEY DECIMAL CLASSIFICATION NUMBER
Classification number 330.18
Author Mark VIC
-- MCE, L-27, p-68
100 1# - MAIN ENTRY--PERSONAL NAME
Personal name Vickrey, William S.
9 (RLIN) 37393
245 10 - TITLE STATEMENT
Title Metastatics and macroeconomics.
260 ## - PUBLICATION, DISTRIBUTION, ETC.
Place of publication, distribution, etc. New York,
Name of publisher, distributor, etc. Harcourt, Brace & World
Date of publication, distribution, etc. [1964]
300 ## - PHYSICAL DESCRIPTION
Extent x, 314 p.
Other physical details diagrs.
Dimensions 24 cm.
526 ## - STUDY PROGRAM INFORMATION NOTE
Program name 0
Interest level 0
Reading level 0
Title point value 330_180000000000000_VIC
650 #0 - SUBJECT ADDED ENTRY--TOPICAL TERM
Topical term or geographic name entry element Economics
General subdivision Methodology.
9 (RLIN) 37394
650 #0 - SUBJECT ADDED ENTRY--TOPICAL TERM
Topical term or geographic name entry element Statics and dynamics (Social sciences)
9 (RLIN) 37395
942 ## - ADDED ENTRY ELEMENTS (KOHA)
Source of classification or shelving scheme
Koha item type Book
Holdings
Withdrawn status Lost status Source of classification or shelving scheme Damaged status Not for loan Permanent Location Current Location Date acquired Total Checkouts Full call number Barcode Date last seen Copy number Price effective from Koha item type
          Military College of Engineering (MCE) Military College of Engineering (MCE) 09/30/2013   330.18 VIC MCE-2841 09/30/2013 1 09/30/2013 Book
© 2023 Central Library, National University of Sciences and Technology. All Rights Reserved.